000 00740nam a2200205 a 4500
005 20140412111233.0
008 010425s19uu xx 00 eng d
020 _a0-394-88616-X
050 _aTR(PS E
_bBe21 1987
100 _aStandiford, Natalie
245 _aBest little monkeys in the world (The) /
_cby Natalie Standiford; illustrated by Hilary Knight.
260 _aNew York :
_bRandom House,
_c1987.
300 _a48p. ; ill.
440 _aStep into reading, A step 2 book
520 _aWhen their parents go out to a party, two little monkeys make mischief while their baby-sitter thinks they are being good.
650 _aMonkeys-Fiction
650 _aBaby-sitters-Fiction
650 _aBehavior-Fiction
999 _c102255
_d102255